Quizzes
Events
Quiz Creation
Community
Videos
Private Events
Remove Ads
Sign In
Join for FREE
Feedback
Dark Mode
Quiz Categories
Sports
Geography
Music
Movies
Television
Just For Fun
Miscellaneous
History
Literature
Language
Science
Gaming
Entertainment
Religion
Holiday
For Kids
Quiz Lab
Recent
Popular Today
Quiz Kudos Today
Editor Picks
Curator Picks
Quizzes by...
Day
Popularity
Type
Ratings
Length
Year
Community
Subscriptions
Recent Discussions
Orange Saloon
Badges
Playlists
Quests
Create
Leaderboards
Showdown
Live 5
Trivia Bingo
Activity
Puzzle Library
Sporcle Events
Private Events
Virtual Trivia
Globe League
Become a Host
Pub Owners
SporcleCon
Opinionation
Our Games
Videos
Blog
Mobile Apps
Partnerships
Remove Ads and Go Orange
Feedback
Movies
Disney
Marvel Cinematic Universe
Movie Resume
Movie Titles
Oscar
Actor
Actress
Director
Pixar
Role
Movie Quotes
Movie Characters
Box Office
Nominee
Best Picture
Star Wars
James Bond
Horror Movies
Movies
Disney
Marvel Cinematic Universe
Movie Resume
Movie Titles
Oscar
Actor
Actress
Director
Pixar
Role
Movie Quotes
Movie Characters
Box Office
Nominee
Best Picture
Star Wars
James Bond
Horror Movies
Random Quiz
Search Sporcle
×
Quiz Lab
Quiz Lab
Movies
Song
Type in answers that appear in a list
Type in answers that appear in a list
Classic
Best Score? Go Orange.
Figure Out the Lyrics - Dirty Dancing Stats
Can you name the Lyrics from this Dirty Dancing song?
By
lana_j
12m
296 Questions
4,692 Plays
4,692 Plays
4,692 Plays
Comments
Comments
Give Quiz Kudos
Give Quiz Kudos
-
- Ratings
hide this ad
Replay
Link that replays current quiz
Next Quiz
Link to next quiz in quiz playlist
You Got
0%
They Got
Avg Score
76%
Avg Friend Score
Upgrade to see
Score Distribution
Jump to the score distribution portion of the page
Score
0/296
Timer
12:00
0
Plays Today
First 300 words only
% Correct
I
98.4%
I
98.4%
I
98.4%
I
98.4%
I
98.4%
I
98.4%
I
98.4%
I
98.4%
I
98.4%
I
98.4%
I
98.4%
I
98.4%
I
98.4%
I
98.4%
I
98.4%
I
98.4%
I
98.4%
I
98.4%
the
98.3%
the
98.3%
and
98.3%
the
98.3%
and
98.3%
the
98.3%
the
98.3%
the
98.3%
the
98.3%
the
98.3%
the
98.3%
And
98.3%
the
98.3%
And
98.3%
the
98.3%
And
98.3%
and
98.3%
the
98.3%
the
98.3%
the
98.3%
And
98.3%
the
98.3%
And
98.3%
the
98.3%
and
98.3%
the
98.3%
my
93.8%
my
93.8%
my
93.8%
my
93.8%
my
93.8%
my
93.8%
my
93.8%
my
93.8%
of
93.8%
of
93.8%
of
93.8%
of
93.8%
of
93.8%
of
93.8%
of
93.8%
of
93.8%
of
93.8%
you
93.7%
you
93.7%
you
93.7%
you
93.7%
you
93.7%
you
93.7%
you
93.7%
you
93.7%
you
93.7%
you
93.7%
time
93.2%
time
93.2%
time
93.2%
time
93.2%
time
93.2%
time
93.2%
time
93.2%
life
93%
life
93%
life
93%
life
93%
life
93%
life
93%
life.
93%
had
92.7%
had
92.7%
had
92.7%
had
92.7%
had
92.7%
had
92.7%
had
92.7%
it
91%
it
91%
it
91%
it
91%
it
91%
it
91%
it
91%
First 300 words only
% Correct
it
91%
be
91%
be
91%
be
91%
to
90.8%
to
90.8%
To
90.8%
to
90.8%
to
90.8%
to
90.8%
to
90.8%
to
90.8%
to
90.8%
I've
90%
I've
90%
I've
90%
I've
90%
I've
90%
I've
90%
I've
90%
I've
90%
I've
90%
I've
90%
I've
90%
this
89%
this
89%
This
89%
this
89%
This
89%
this
89%
all
88.1%
all
88.1%
all
88.1%
all
88.1%
all
88.1%
all
88.1%
never
87.5%
never
87.5%
never
87.5%
owe
87.3%
owe
87.3%
owe
87.3%
owe
87.3%
owe
87.3%
owe
87.3%
felt
86.9%
felt
86.9%
felt
86.9%
felt
86.9%
before
86%
before
86%
before
86%
No
84.8%
no
84.8%
No
84.8%
No
84.8%
Now
80.5%
it's
80.5%
Now
80.5%
Now
80.5%
it's
80.5%
it's
80.5%
Now
80.5%
way
80.2%
way
80.2%
way
80.2%
truth
80.1%
truth
80.1%
truth
80.1%
truth
80.1%
truth
80.1%
swear
79.3%
swear
79.3%
swear
79.3%
for
79.1%
like
77.6%
So
77%
So
77%
So
77%
So
77%
so
76.9%
me
74.5%
me
74.5%
on
73.4%
on
73.4%
love
72.3%
love
72.3%
We
69.8%
we
69.8%
we
69.8%
we
69.8%
we
69.8%
Yes
69.4%
Yes
69.4%
Yes
69.4%
Yes
69.4%
could
66.1%
could
66.1%
could
66.1%
First 300 words only
% Correct
been
65.7%
long
65.3%
your
64.2%
because
63.7%
because
63.7%
one
63.5%
one
63.5%
can't
63.2%
can't
63.2%
waiting
61.7%
get
60.2%
get
60.2%
found
60.1%
found
60.1%
found
60.1%
just
60%
just
60%
Just
60%
by
59.7%
in
59.6%
tell
58.9%
tell
58.9%
'Cause
58.7%
'Cause
58.7%
'Cause
58.7%
'Cause
58.7%
'Cause
58.7%
thing
58.6%
thing
58.6%
stand
58.4%
You're
58.4%
You're
58.4%
finally
58.2%
someone
57.8%
with
57.7%
With
57.7%
with
57.7%
enough
57.7%
enough
57.7%
something
55.6%
something
55.6%
I'll
54.9%
I'll
54.9%
wall
54.2%
remember
54.1%
remember
54.1%
writing
53.7%
eyes
52.9%
our
51.6%
ever
51.4%
know
51.2%
know
51.2%
take
50%
hand
49.7%
There's
49.4%
passion
48.3%
go
48.1%
each
47.9%
saw
47.8%
other's
47.2%
understand
44.4%
When
44.2%
magical
44%
fantasy
43.4%
open
43.3%
open
43.3%
door
43.1%
door
43.1%
every
42.5%
every
42.5%
'Stay
42.3%
disguise
42.2%
want
42%
let
41.6%
tonight.'
40.9%
say:
40.7%
seem
40.5%
more
40%
Don't
40%
urgency
39.8%
through
39.8%
through
39.8%
than
39.6%
we'll
39.6%
mind
39%
you'll
39%
control
38.5%
lose
38.1%
body
37.9%
soul
37.2%
afraid
36%
As
35.5%
whats
35.1%
secretly
33.4%
searched
32.4%
searched
32.4%
'Til
27.9%
Till
14.9%
Quiz Playlist
Details
Report
Send in Message
Add To Playlist
Classic:
Type in answers that appear in a list
Last Updated: Jul 31, 2018
Quiz Scoreboard
CHALLENGE
Sign Up to Join the Scoreboard
Show All
Scores
Hide
Comments
May contain spoilers
Recently Published
Decade Duel: World Leaders
by jenniferyan
History
4m
Alphabetical 'K' Countries by Flag Minefield
by ylime102
Geography
3m
Pick 6: Fruits
by JohnFran
Miscellaneous
15s
More to Explore
Quiz From the Vault
Featured Blog Post
15 Basketball Trivia Facts You Can Be March Mad About
hide this ad
You Might Also Like...
Tags
Song Quiz
300
dance
Dirty
Dirty Dancing
Figure Out the Lyrics
Today's Top Quizzes in Movies
Browse Movies
hide this ad
Today's Top Quizzes in Song
Browse Song
Top Contributed Quizzes in Movies
1
Pick 6: Harry Potter
2
Pick 6: Movie Franchises
3
Pick 6: Actors
4
Pick 6: Actresses
5
Pick 6: Disney Princesses
6
Movies of the Seasons
7
Match The President To The Fictional Crisis
8
Decade Duel: Best Picture Winner
9
Decade Duel: Disney Animated Movies
10
Seasonal Films
Explore More
Trending Topics
Kpop
Crossword
Harry Potter
Anime
Disney
Marvel
NBA
Pokémon
Puzzle
Song
The Office
NFL
WWE
Soccer
Country
hide this ad
More By:
lana_j
Quiz
Plays
Rating
Category
Featured
Created
Figure Out the Lyrics - Dirty Dancing
4,692
4.36
Movies
May 16, 2011
Figure Out the Lyrics - My Fair Lady 1
1,477
4.29
Just For Fun
May 16, 2011
Figure Out the Lyrics - My Fair Lady 2
1,149
4.33
Just For Fun
May 16, 2011
Figure Out the Lyrics - Disney 1
582
5.00
Just For Fun
May 16, 2011
Figure Out the Lyrics - Aussie Songs 1
84
4.00
Just For Fun
May 16, 2011
Go to Creator's Profile
Score Distribution
Quiz Creator Spotlight
lana_j
Follow
Send a Message
Quizzes Created
-
Created Quiz Play Count
-
More By This Creator
Popular Quizzes Today
1
Countries of Asia Without Outlines Minefield
2
Find the US States - No Outlines Minefield
3
Pick 6: Fruits
4
The Countries of the World
5
Alphabetical 'K' Countries by Flag Minefield
6
Find the Countries of Europe - No Outlines Minefield
7
US States
8
Find the US States
More Movies Quizzes
Fierce Females
Published
Trending Quizzes
Pick 6: Mountains
Pick 6: Harry Potter
Pick 6: Flags
Pick 6: NFL Teams
Pick 6: Movie Franchises
Recently Updated
Adaptations: Name the Title
pecheneg
NWSL Teams
pecheneg
Women's Final Four Teams by Year
bhenderson79
Presidents Quartet II
eogle
Anything But Clue(do)
eogle
Anything But Oceanian Capitals
eogle
Anything But 7
eogle
Anything But Thing
eogle
Word Ladder: February 29
pecheneg
Song Title Questions
pecheneg
Trending Topics
Marvel
Anime
Kpop
NBA
Disney
Harry Potter
Crossword
WWE
NFL
Pokémon
The Office
Soccer
Song
Country
Puzzle
Your Account Isn't Verified!
In order to create a playlist on Sporcle, you need to verify the email address you used during registration. Go to your
Sporcle Settings
to finish the process.
Report this User
Report this user for behavior that violates our
Community Guidelines
.
Details:
Send Report
Go to the Sporcle.com Mobile Site →
Comments